zpět

Detail výsledku týmu

The Pub Praha 2 ČT, Praha

Datum a čas kvízu

22 Celkem bodů Celkový počet nahraných bodů na tomto kvízu bez doplňovacích otázek.
14. Pořadí na kvízu Konečné umístění týmu na tomto kvízu.

Zaznamenané odpovědi

# Otázka Odpověď Body Výsledky
1. V pátek a sobotu se v Kolovči... A) na Chodsku 0
2. Jak se nazývá město, které min... Anchorage 0
3. Minulý týden bylo odtajněno po... Libor Bouček; Žolík 0.5
4. Speciálem etiopských aerolinií... Lucy 0
5. 25letý švédský atlet překonal... Armand Duplantis; skok o tyči 1
6. Hned v první otázce se zaměřím... 1B 2A 3C 4D 0
7. Jedním ze specifik prezidentsk... A 0
8. Který z těchto výroků o prezid... B 1
9. NW Präsident byl v roce 1897 p... Tatra, Kopřivnice 0
10. Která zpěvačka nahrála skladbu... Pink 0